[Event "Haninge"]
[Site "Haninge"]
[Date "1992.??.??"]
[Round "4"]
[White "Kengis, Edvins"]
[Black "Hector, Jonny"]
[Result "1-0"]
[WhiteElo "2575"]
[BlackElo "2535"]
[Annotator "Horn,Peter"]
[PlyCount "93"]
[EventDate "1992.05.??"]
[EventType "schev"]
[EventRounds "5"]
[EventCountry "SWE"]
[SourceTitle "CBM 030"]
[Source "ChessBase"]
[SourceDate "1992.10.01"]
[SourceVersion "1"]
[SourceVersionDate "1992.10.01"]
[SourceQuality "1"]

1. Nf3 d5 2. g3 c6 3. Bg2 Bg4 4. O-O Nd7 5. d4 e6 6. Nbd2 f5 $6 7. c4 Bd6 (7... Ngf6 8. Qb3 (8. Ng5 $5) 8... b6 $6 (8... Rb8 9. cxd5 exd5 10. Qd3 $36) 9. Qa4 Rc8 10. Qxa7 $16 {Haakert-Oechler, BRD 1964}) 8. Qb3 $1 Rb8 9. cxd5 ({RR} 9. Qe3 Qe7 10. Ng5 Nf8 11. Ndf3 h6 12. Nh3 g5 13. Ne5 Nf6 14. cxd5 Nxd5 15. Qd3 Bxe5 16. dxe5 Rd8 17. Qc4 Nd7 18. f3 Bxh3 19. Bxh3 O-O 20. f4 g4 21. Bg2 Qc5+ 22. Qxc5 Nxc5 23. Rd1 Kf7 {Bezold,M (2490)-Jussupow,A (2630) Altensteig 1993 ½-½}) ({RR} 9. h3 Bh5 10. Re1 Ngf6 11. cxd5 cxd5 12. Ng5 Qe7 13. g4 fxg4 14. e4 e5 15. exd5 O-O 16. Nc4 e4 17. h4 h6 18. Ne6 Rfe8 19. Nxd6 Qxd6 20. Bf4 Qxd5 21. Bxb8 Qxb3 22. axb3 Rxe6 23. Bxa7 Bf7 {Bogosavljevic,B (2527)-Unzicker,F (2329) Germany 2022 1-0 (42)}) 9... exd5 (9... cxd5 10. Qe3 Qe7 11. Ng5 $18) 10. Qd3 $1 {×f5} Nh6 $146 (10... Qf6 11. e4 $1 Bxf3 (11... fxe4 12. Nxe4 dxe4 13. Qxe4+ $18) 12. e5 Qe6 13. Nxf3 Be7 14. b4 $16 {Norwood-King, London WFW 1988}) (10... Ngf6 11. h3 Bxf3 12. exf3 $16) (10... Ne7 11. Ng5 $16) ({RR} 10... Qf6 11. e4 Bxf3 12. e5 Qe6 13. Nxf3 Be7 14. b4 h5 15. h4 g6 16. b5 Nh6 17. bxc6 bxc6 18. Bg5 Nb6 19. Qa6 Qd7 20. Rac1 Nc4 21. Rb1 Rb6 22. Rxb6 Nxb6 23. e6 Qc7 24. Bf4 Qd8 25. Qxa7 {Norwood,D (2460)-King,D (2475) London 1988 1-0}) ({RR} 10... Ngf6 11. Nh4 g6 12. f3 Bh5 13. e4 Be7 14. Nb3 fxe4 15. fxe4 dxe4 16. Bxe4 O-O 17. Bg2 Ne5 18. Qc2 Nf7 19. Bf4 Rc8 20. Nf3 Bg4 21. Rae1 Bf5 22. Qc4 Nd5 23. Ne5 b5 24. Qc1 Nxf4 25. Qxf4 {Kengis,E (2555)-Meduna,E (2460) Katowice 1993 1-0 (39)}) 11. Nb3 Qf6 (11... O-O 12. Bxh6 gxh6 13. e3 $16) 12. Bg5 Qe6 $6 (12... Qg6 $5 13. Qe3+ Kf7 14. Ne5+ $16) 13. Nc5 $1 Bxc5 (13... Nxc5 14. dxc5 Bc7 (14... Bxc5 15. Qc3 Bf8 16. Bxh6 Qxh6 17. Qe5+ $18) 15. Nd4 $18) 14. dxc5 Bxf3 (14... Nxc5 15. Qc3 $16) (14... O-O 15. Nd4 Qg6 16. Be7 Rf7 17. Bd6 $16) 15. exf3 { fe1} O-O 16. Rfe1 Qg6 17. Bf4 Rbc8 $6 (17... Rbe8 18. Bd6 $16) (17... Nxc5 $4 18. Qd4 $18) (17... Ra8 $16) 18. Qa3 $1 b6 $6 (18... a6 19. Qb4 $18) (18... Ra8 $16) 19. b4 (19. Qxa7 $6 Nxc5 20. Qxb6 Nd3) 19... Rf7 (19... Ra8 20. Re7 Rf7 21. Rae1 $16) 20. Qxa7 Nxc5 21. Qxb6 Nd3 22. Qa6 $18 Nxe1 23. Qxc8+ Rf8 24. Qa6 Nc2 25. Rc1 Nxb4 26. Qa3 c5 27. Rxc5 Qb6 28. Qa5 Qxa5 29. Rxa5 Rd8 30. Bd2 Nc6 31. Rc5 Ne7 32. Bg5 Kf7 33. a4 Nhg8 34. a5 h6 35. Bd2 Rc8 36. Rxc8 Nxc8 37. Be3 Nge7 38. a6 Nc6 39. f4 Ke6 40. Bc5 g6 41. Kf1 N8a7 42. Ke1 Nb5 43. Kd2 Nc7 44. a7 Na5 45. Kc3 Nb7 46. Bb6 Na8 47. Kd4 1-0

[Event "Brussels SWIFT blitz"]
[Site "Brussels"]
[Date "1992.??.??"]
[Round "?"]
[White "Speelman, Jonathan S"]
[Black "De Firmian, Nick E"]
[Result "1-0"]
[WhiteElo "2630"]
[BlackElo "2570"]
[PlyCount "55"]
[EventDate "1992.07.??"]
[EventType "swiss (blitz)"]
[EventRounds "5"]
[EventCountry "BEL"]
[SourceTitle "CBM 029 Extra"]
[Source "ChessBase"]
[SourceDate "1992.09.01"]
[SourceVersion "1"]
[SourceVersionDate "1992.09.01"]
[SourceQuality "1"]

1. b3 c5 2. Bb2 Nc6 3. e3 d6 4. Nf3 e5 5. d4 cxd4 6. exd4 e4 7. Nfd2 d5 8. Be2 f5 9. c4 Nf6 10. Nc3 Be6 11. O-O Nxd4 12. Nxd5 Nxe2+ 13. Qxe2 Nxd5 14. cxd5 Qxd5 ({RR} 14... Bxd5 15. Rfd1 Qg5 16. Nc4 Rd8 17. Ne3 Bc6 18. Rxd8+ Kxd8 19. Rd1+ Kc8 20. Qc4 Be7 21. Qe6+ Kb8 22. Nxf5 e3 23. Nxe3 Ka8 24. Qe5 Re8 25. Qxg5 Bxg5 26. Bxg7 a5 27. Bd4 Re4 28. Bb6 a4 29. Nc4 {Di Benedetto,E (2412)-Chernikov,V (2249) chess.com INT 2025 1-0 (47)}) 15. Rfd1 $146 ({RR} 15. Rad1 Qd3 16. Qh5+ g6 17. Qh4 Rg8 18. Qf6 Qd7 19. Nxe4 Qf7 20. Qxf7+ Kxf7 21. Ng5+ Ke7 22. Rfe1 {1-0 (22) D'Arruda,R (2271)-Mesquita,E (1979) chess.com INT 2023}) ({RR} 15. Rad1 Qd3 16. Qh5+ g6 17. Qh4 Rg8 18. Qf6 Qd7 19. Nxe4 Qf7 20. Qxf7+ Kxf7 21. Ng5+ Ke7 22. Rfe1 {1-0 (22) D'Arruda,R (2271)-Mesquita,E (1979) chess.com INT 2023}) 15... Qd3 16. Qh5+ g6 17. Qh4 Be7 18. Bf6 g5 19. Qxg5 Rg8 20. Qh5+ Rg6 21. Bxe7 Kxe7 22. Nc4 Qf3 23. Qxh7+ Bf7 24. Rd7+ Kxd7 25. Qxf7+ Kc8 26. Qxg6 Qd3 27. Qe8+ Kc7 28. Qxa8 1-0

[Event "Brussels SWIFT rapid"]
[Site "Brussels"]
[Date "1992.??.??"]
[Round "?"]
[White "Lobron, Eric"]
[Black "Nikolic, Predrag"]
[Result "1-0"]
[WhiteElo "2575"]
[BlackElo "2635"]
[PlyCount "117"]
[EventDate "1992.07.??"]
[EventType "swiss (rapid)"]
[EventRounds "5"]
[EventCountry "BEL"]
[SourceTitle "CBM 029 Extra"]
[Source "ChessBase"]
[SourceDate "1992.09.01"]
[SourceVersion "1"]
[SourceVersionDate "1992.09.01"]
[SourceQuality "1"]

1. Nf3 d5 2. g3 Nf6 3. Bg2 c6 4. b3 a5 ({RR} 4... h6 5. Bb2 Bf5 6. d3 e6 7. c4 Bb4+ 8. Nbd2 O-O 9. O-O Nbd7 10. a3 Bd6 11. b4 a5 12. c5 Bc7 13. Qb3 e5 14. Rfe1 Be6 15. Qc2 d4 16. Nc4 Re8 17. e3 dxe3 18. Rxe3 axb4 19. axb4 {Jeet,J (2301)-Semenenko,D chess.com INT 2024 1-0 (44)}) 5. c4 $146 ({RR} 5. a4 Bf5 6. Bb2 h6 7. O-O e6 8. d3 Be7 9. Nbd2 O-O 10. Ne5 Qb6 11. e4 Bh7 12. Qe2 Na6 13. Ng4 Qd8 14. Nxf6+ Bxf6 15. e5 Be7 16. f4 Kh8 17. Kh1 Nb4 18. Rfc1 c5 19. Nf1 f6 {Sichinava,R-Zurek,M (2390) Mlada Boleslav 1993 0-1 (45)}) ({RR} 5. a4 Bg4 6. Bb2 Nbd7 7. d3 Qc7 8. h3 Bh5 9. g4 Bg6 10. Nh4 e5 11. Nd2 Be7 12. Nf5 Bxf5 13. gxf5 g6 14. fxg6 hxg6 15. e3 O-O-O 16. Qe2 Nh5 17. O-O-O Kb8 18. Kb1 f5 19. Rdg1 Rh6 {Belezky,A (2451)-McShane,L (2670) Germany 2015 0-1 (42)}) ({RR} 5. a3 Bg4 6. Bb2 e6 7. c4 Be7 8. O-O O-O 9. d3 Re8 10. Nbd2 Nfd7 11. Qc2 Bf6 12. Rfe1 Na6 13. Rac1 h6 14. Bxf6 Nxf6 15. Ne5 Bf5 16. Qb2 Nd7 17. Nxd7 Qxd7 18. b4 axb4 19. axb4 Nc7 {Detter,P-Steiner,B (2200) Austria 1993 0-1 (70)}) 5... Bf5 6. Na3 e6 7. O-O Bc5 8. d3 O-O 9. Nc2 Nbd7 10. Bb2 Qe7 11. Qd2 h6 12. cxd5 exd5 13. Nfd4 Bh7 14. Ne3 Rfe8 15. Bh3 Ne5 16. Rac1 Bb4 17. Qc2 h5 18. Qb1 Neg4 19. Bxg4 hxg4 20. Qa1 Qd7 21. Ndc2 Be7 22. f3 a4 23. b4 gxf3 24. Rxf3 Bg6 25. Rcf1 Bf8 26. a3 Ng4 27. Bd4 Nh6 28. R3f2 Qh3 29. Rf4 Qd7 30. R1f2 f6 31. Qf1 Bd6 32. Rh4 Be5 33. Rxh6 gxh6 34. Rxf6 Kh7 35. Bxe5 Rxe5 36. Qf4 Rae8 37. Ng4 Rg5 38. Nxh6 Kxh6 39. h4 Qg4 40. hxg5+ Qxg5 41. Nd4 Qxf4 42. gxf4 Kg7 43. Rd6 Re7 44. Kf2 Kf7 45. f5 Bh7 46. Kf3 Ke8 47. e4 dxe4+ 48. dxe4 Rg7 49. Ne6 Rg1 50. Rd8+ Ke7 51. Rb8 Kf6 52. Rxb7 Bg8 53. Nc5 Ra1 54. Kf4 Rf1+ 55. Ke3 Re1+ 56. Kd2 Ra1 57. Nxa4 Ra2+ 58. Ke3 Rxa3+ 59. Kf4 1-0

[Event "Interpolis"]
[Site "Tilburg"]
[Date "1992.10.19"]
[Round "4.3"]
[White "Smyslov, Vassily V"]
[Black "Sveshnikov, Evgeny"]
[Result "1-0"]
[WhiteElo "2530"]
[BlackElo "2525"]
[PlyCount "103"]
[EventDate "1992.10.08"]
[EventType "k.o."]
[EventRounds "7"]
[EventCountry "NED"]
[SourceTitle "CBM 032"]
[Source "ChessBase"]
[SourceDate "1993.02.01"]
[SourceVersion "1"]
[SourceVersionDate "1993.02.01"]
[SourceQuality "1"]

{Barrage 30'} 1. Nf3 d5 2. b3 Bg4 3. d4 e6 ({RR} 3... Bxf3 4. exf3 e6 5. g3 Nd7 6. Bg2 g6 7. O-O Bg7 8. f4 Ne7 9. Bb2 c5 10. Nd2 O-O 11. Nf3 Nc6 12. Rb1 Rc8 13. dxc5 Bxb2 14. Rxb2 Nxc5 15. Ne5 Nxe5 16. fxe5 Qc7 17. Qd4 b6 18. Re1 {Sokolovsky,Y (2471)-Sjugirov,S (2695) chess.com INT 2024 1-0 (33)}) 4. e3 $146 ({RR} 4. Ne5 Bf5 5. e3 Nd7 6. Nf3 Ngf6 7. Be2 Ne4 8. O-O Bd6 9. Bb2 Qf6 10. Nc3 Nxc3 11. Bxc3 Qh6 12. g3 Be4 13. Nh4 c6 14. Qd2 O-O 15. f3 Bf5 16. Nxf5 exf5 17. Bd3 Qe6 18. Rae1 Nf6 {Christensen,T (2395)-Sammalvuo,T (2375) Copenhagen 1997 0-1}) ({RR} 4. Bb2 Bb4+ 5. c3 Bd6 6. Nbd2 f5 7. g3 Nf6 8. Bg2 Nbd7 9. c4 c6 10. O-O O-O 11. h3 Bh5 12. c5 Bc7 13. Qc2 f4 14. g4 Bg6 15. Qc3 Ne4 16. Nxe4 Bxe4 17. Nd2 Bxg2 18. Kxg2 e5 {Jordan,E-Balduan,M Cologne 1994 0-1}) 4... c5 5. Be2 Nc6 6. O-O Nf6 7. Nbd2 cxd4 8. exd4 Be7 9. Bb2 O-O 10. Ne5 Bxe2 11. Qxe2 Rc8 12. c4 dxc4 13. Nxc6 Rxc6 14. bxc4 b5 15. c5 Qb8 16. Nf3 Bd8 17. Ne5 Ra6 18. a4 Rxa4 19. Rxa4 bxa4 20. Ra1 Bc7 21. Rxa4 Rc8 22. Nf3 Nd5 23. g3 Qb7 24. Ra1 Rb8 25. Bc1 a5 26. Bd2 Qb2 27. Qe1 a4 28. Qc1 Qxc1+ 29. Bxc1 Nc3 30. Kf1 Rb1 31. Rxb1 Nxb1 32. Ke2 Nc3+ 33. Kd3 Nd1 34. Ke2 Nc3+ 35. Kd3 Nd1 36. Kc4 Nxf2 37. Kb5 Ne4 38. Kxa4 Nc3+ 39. Kb3 Nd5 40. Kc4 f6 41. Kb5 Kf7 42. Kc6 Ke7 43. Ba3 Kd8 44. Kb7 h5 45. c6 g5 46. Nd2 f5 47. Nf3 f4 48. Nxg5 fxg3 49. Nxe6+ Ke8 50. Nxc7+ Nxc7 51. hxg3 Nb5 52. c7 1-0

[Event "EU-chT (Men) 10th"]
[Site "Debrecen"]
[Date "1992.11.??"]
[Round "5.4"]
[White "Hickl, Joerg"]
[Black "Dizdarevic, Emir"]
[Result "1-0"]
[WhiteElo "2515"]
[BlackElo "2505"]
[PlyCount "57"]
[EventDate "1992.11.20"]
[EventType "team-swiss"]
[EventRounds "9"]
[EventCountry "HUN"]
[SourceTitle "EU-chT"]
[Source "ChessBase"]
[SourceDate "1999.07.01"]
[SourceVersion "2"]
[SourceVersionDate "1999.07.01"]
[SourceQuality "1"]
[WhiteTeam "Germany"]
[BlackTeam "Bosnia&Herzegovina"]
[WhiteTeamCountry "GER"]
[BlackTeamCountry "BIH"]

1. g3 d5 2. Nf3 b6 3. c4 dxc4 4. Na3 Bb7 5. Bg2 Nf6 6. Nxc4 e6 7. O-O Be7 8. Qa4+ Nfd7 $146 ({RR} 8... Qd7 9. Qc2 O-O 10. d4 Be4 11. Qb3 Qd5 12. Bf4 Nc6 13. Ncd2 Nxd4 14. Nxd4 Bxg2 15. Qxd5 Bxd5 16. Bxc7 Rac8 17. Bf4 a6 18. Rfc1 Ne4 19. Nxe4 Bxe4 20. f3 Bb7 21. Kf2 Rfd8 22. Be3 Bd5 23. Nb3 {Svane,R (2622)-Vogel,R (2463) Katowice POL 2022 1-0 (51)}) ({RR} 8... Qd7 9. Qc2 O-O 10. d4 Be4 11. Qb3 Qd5 12. Bf4 Nc6 13. Ncd2 Nxd4 14. Nxd4 Bxg2 15. Qxd5 Bxd5 16. Bxc7 Rac8 17. Bf4 a6 18. Rfc1 Ne4 19. Nxe4 Bxe4 20. f3 Bb7 21. Kf2 Rfd8 22. Be3 Bd5 23. Nb3 {Svane,R (2622)-Vogel,R (2463) Katowice POL 2022 1-0 (51)}) 9. d4 O-O 10. Rd1 Qc8 11. Bf4 Bc6 12. Qc2 Qb7 13. Rac1 Rc8 14. e4 Nf6 15. Nfd2 Qa6 16. Ne5 Ba4 17. b3 Be8 18. d5 exd5 19. exd5 Ba3 20. Rb1 Bd6 21. Ne4 Nbd7 22. Nxd6 cxd6 23. Nc6 Kh8 24. Bxd6 Nc5 25. b4 Qa4 26. Rbc1 Bxc6 27. dxc6 Qxb4 28. c7 Nfe4 29. Bxc5 1-0

[Event "Baden-Baden-B"]
[Site "Baden-Baden"]
[Date "1992.12.07"]
[Round "3"]
[White "Bischoff, Klaus"]
[Black "Schlosser, Philipp"]
[Result "1-0"]
[WhiteElo "2510"]
[BlackElo "2500"]
[Annotator "Horn,Peter"]
[PlyCount "89"]
[EventDate "1992.12.??"]
[EventType "tourn"]
[EventRounds "11"]
[EventCountry "GER"]
[EventCategory "11"]
[SourceTitle "CBM 033"]
[Source "ChessBase"]
[SourceDate "1993.04.01"]
[SourceVersion "1"]
[SourceVersionDate "1993.04.01"]
[SourceQuality "1"]

1. Nf3 e6 2. g3 b5 3. Bg2 Bb7 4. O-O Nf6 5. d3 Be7 6. e4 d6 (6... c5) (6... O-O 7. Nd4 a6 8. Nb3 Nc6 {Bilek-L.Portisch, Ungarn 1985} 9. d4 $13) 7. c3 (7. Nd4 Qd7 (7... a6 8. e5 $6 Bxg2 9. exf6 Bxf6 10. Nxe6 fxe6 11. Kxg2 $13) 8. f4 c5 9. Nf3 Nc6 10. Nc3 b4 11. Ne2 {Camara-Sanguinetti, Sao Paulo 1977}) (7. Re1 O-O 8. Nd4 a6 9. Nb3 { e5} c6 10. a4 d5 $132 {Barcza-Larsen, Hastings 1973}) 7... Nbd7 (7... c5) ({RR} 7... O-O 8. Re1 c5 9. Na3 a6 10. Nc2 Nbd7 11. Ng5 h6 12. Nh3 e5 13. f4 Re8 14. Nf2 Bf8 15. f5 d5 16. h4 c4 17. exd5 cxd3 18. Qxd3 Nc5 19. Qe2 Bxd5 20. Rd1 e4 21. Ne3 Ra7 22. Nfg4 {Socko,B (2554)-Aleksandrov,A (2666) Warsaw 2004 ½-½ (52)}) ({RR} 7... O-O 8. Re1 c5 9. a4 a6 10. Na3 Nc6 11. Nc2 d5 12. e5 Nd7 13. h4 Qc7 14. Bf4 b4 15. Ne3 bxc3 16. bxc3 a5 17. h5 Ba6 18. h6 g6 19. Ng4 Rfb8 20. Qd2 Qd8 21. Bg5 Bxg5 22. Nxg5 {Kokoszczynski,J (2287)-Arutinian,D (2549) chess.com INT 2024 1-0 (78)}) 8. Nd4 c6 (8... a6 $2 9. e5 Bxg2 10. exf6 Bxf1 11. fxe7 (11. Nc6 $2 Qc8 12. Nxe7 Qb7 13. Qxf1 Nxf6 $19) 11... Qxe7 12. Qxf1 $16) 9. f4 Qb6 $146 ({RR} 9... O-O 10. Be3 a6 11. Nd2 Rb8 12. h3 Qc7 13. g4 c5 14. Ne2 d5 15. e5 Ne8 16. d4 a5 17. f5 Qd8 18. Nf4 Nc7 19. Nf3 Bc8 20. f6 gxf6 21. Nh5 fxe5 22. Nxe5 Nxe5 23. dxe5 d4 24. cxd4 {Cuhendi,S (2404)-Lajthajm,B (2465) Novi Sad 2017 1-0}) 10. Be3 { f5} c5 11. Nc2 Qc7 12. Nd2 Nb6 13. Qe2 Na4 14. Rab1 a6 15. Bf2 O-O (15... h5 $6 $13) 16. g4 Rfe8 17. Bg3 Bf8 18. Bf3 Nd7 19. Qg2 g6 20. e5 $1 $16 Bxf3 21. Qxf3 f5 (21... dxe5 22. fxe5 Nxe5 23. Bxe5 (23. Qf4 Bg7 (23... Bd6 $2 24. Ne4 $18) 24. g5 (24. d4 cxd4 25. cxd4 Qxc2 26. dxe5 Ra7 $17) (24. Ne4 f5) 24... Qe7 $13) 23... Qxe5 24. Qxf7+ Kh8 25. Ne4 $16) (21... d5 22. f5 $40) 22. exf6 Nxf6 23. Ne3 Bg7 24. f5 exf5 $2 (24... gxf5 25. gxf5 e5 26. Nd5 Qf7 27. Nxf6+ Bxf6 28. Ne4 $16) 25. gxf5 Qf7 (25... Rf8 26. Nd5 Nxd5 27. Qxd5+ $16) 26. fxg6 Qxg6 (26... hxg6 27. Ng4 Rf8 28. Bxd6 $18) 27. Nf5 Qg4 28. Nxd6 Qxf3 29. Nxf3 Re2 30. Rf2 Rxf2 31. Kxf2 Nd5 32. d4 cxd4 33. cxd4 Nb4 34. b3 Nc3 35. Rg1 Ncxa2 (35... Kh8 36. Be5 Bxe5 37. Nf7#) (35... Kf8 36. Ne5 $40) 36. Be5 Nd3+ 37. Ke3 Nxe5 38. dxe5 Kf8 39. Nf5 Ra7 40. Kf4 Nb4 41. N3d4 Bh8 42. Ke4 h5 43. Rc1 Ra8 44. Ne6+ Kf7 45. Rc7+ (45. Rc7+ Kxe6 (45... Ke8 46. Nd6#) (45... Kg8 46. Nh6#) 46. Re7#) 1-0

[Event "Dhaka"]
[Site "Dhaka"]
[Date "1993.??.??"]
[Round "?"]
[White "Norwood, David"]
[Black "Barua, Dibyendu"]
[Result "1-0"]
[WhiteElo "2525"]
[BlackElo "2530"]
[PlyCount "53"]
[EventDate "1993.??.??"]
[EventType "tourn"]
[EventRounds "11"]
[EventCountry "BAN"]
[EventCategory "7"]
[SourceTitle "EXT 1997"]
[Source "ChessBase"]
[SourceDate "1996.11.15"]
[SourceVersion "1"]
[SourceVersionDate "1996.11.15"]
[SourceQuality "1"]

1. Nf3 d5 2. b3 c6 3. Bb2 Bf5 4. d3 h6 5. Nbd2 Nf6 6. g3 Nbd7 7. Bg2 e6 8. O-O Bc5 9. e4 dxe4 10. dxe4 Nxe4 11. Nxe4 Bxe4 12. Bxg7 Rg8 13. Bxh6 Qf6 14. Bf4 $146 ({RR} 14. Be3 O-O-O 15. Qe2 Qc3 16. Bxc5 Nxc5 17. Qe3 Qxe3 18. fxe3 Nd7 19. Rf2 Bxf3 20. Bxf3 Ne5 21. Kg2 Rg5 22. Rd1 Rdg8 23. Be2 Kc7 24. Rd4 a5 25. a3 R8g7 26. Ra4 Nd7 27. Raf4 Ne5 28. Rh4 b5 {Brkljaca,A (2353)-Lajthajm,B (2515) Belgrade 2007 1-0 (60)}) 14... Qc3 15. Ne5 Nxe5 16. Bxe4 Ng4 17. Kg2 Qh8 18. h3 Rd8 19. Qe1 Nf6 20. Bf3 Qh7 21. Rd1 Qxc2 22. Rxd8+ Kxd8 23. b4 Bb6 24. Qe5 Nd7 25. Qd6 Qb2 26. Bh5 Rg7 27. Rd1 1-0

[Event "Oviedo rapid"]
[Site "Oviedo"]
[Date "1993.??.??"]
[Round "5"]
[White "Polgar, Judit"]
[Black "Polgar, Zsuzsa"]
[Result "1-0"]
[WhiteElo "2595"]
[BlackElo "2560"]
[PlyCount "102"]
[EventDate "1993.??.??"]
[EventType "swiss (rapid)"]
[EventRounds "13"]
[EventCountry "ESP"]
[SourceTitle "CBM 038 Extra"]
[Source "ChessBase"]
[SourceDate "1994.03.01"]
[SourceVersion "1"]
[SourceVersionDate "1994.03.01"]
[SourceQuality "1"]

1. e4 c5 2. Nf3 Nc6 3. d3 g6 4. g3 Bg7 5. Bg2 e5 6. O-O Nge7 7. Be3 d6 8. c3 O-O 9. Nh4 Be6 10. f4 exf4 11. gxf4 f5 12. Nd2 Qd7 13. Ndf3 Bf6 $146 ({RR} 13... h6 14. Qe1 fxe4 15. dxe4 Bc4 16. Qg3 Bxf1 17. Bxf1 Qe6 18. Nd2 Kh7 19. Bh3 Qf7 20. Kh1 Bf6 21. Rg1 b5 22. Ndf3 Rg8 23. Bg4 Qc4 24. Qg2 Rad8 25. f5 g5 26. Ng6 Kg7 27. Nd2 Qxa2 28. Nf1 {Carruez Berges,F (2125)-Rivera Kuzawka,D (2365) Zaragoza 1998 0-1 (60)}) ({RR} 13... h6 14. Qe1 fxe4 15. dxe4 Bc4 16. Rf2 Qe6 17. Rd2 Rad8 18. Qg3 d5 19. e5 Qf7 20. b3 d4 21. cxd4 cxd4 22. Nxd4 Nxd4 23. Rxd4 Rxd4 24. Bxd4 Bd5 25. Rf1 Bxg2 26. Qxg2 Nf5 27. Nxf5 Qxf5 28. Bxa7 {Amin,B (2641)-Kryvoruchko,Y (2679) Reykjavik 2013 ½-½ (62)}) ({RR} 13... Kh8 14. Ng5 Bg8 15. exf5 Nxf5 16. Nxf5 Rxf5 17. h4 h6 18. Be4 hxg5 19. hxg5 Be6 20. Rf2 Kg8 21. Rh2 Ne7 22. Bxf5 Nxf5 23. Bd2 Qb5 24. Qf3 Qxb2 25. Re1 Bf7 26. Rhe2 Qb6 27. Kh2 Qc7 28. Rb1 {Lacau Rodean,I (2035)-Yuan,Y (2203) Kitchener 2009 0-1 (53)}) 14. Qe1 Rae8 15. Qg3 c4 16. e5 dxe5 17. fxe5 Bxh4 18. Qxh4 cxd3 19. Rad1 f4 20. Bxf4 Nf5 21. Qf2 Bxa2 22. Rfe1 Bb3 23. Rd2 Na5 24. Ng5 Ng7 25. Bh3 Qb5 26. e6 Nc4 27. Rxd3 Ne5 28. Rd4 Nd3 29. Bf1 Qxg5+ 30. Bxg5 Nxf2 31. e7 Rf5 32. Bh4 Ne6 33. Rb4 Bd5 34. Bxf2 Rg5+ 35. Bg3 Rxe7 36. Bh3 Kf7 37. Kf2 Re8 38. Bh4 Rh5 39. Bg4 Rh6 40. Kg3 g5 41. Bxg5 Nxg5 42. Rf4+ Kg7 43. Rxe8 Rb6 44. Re2 Kg6 45. h4 h5 46. Bf5+ Kf6 47. Rd2 Ne6 48. Rxd5 Nxf4 49. Kxf4 Rxb2 50. Rd6+ Ke7 51. Re6+ Kf7 1-0

[Event "Zagreb zt"]
[Site "Zagreb"]
[Date "1993.??.??"]
[Round "10"]
[White "Cvitan, Ognjen"]
[Black "Kurajica, Bojan"]
[Result "1-0"]
[WhiteElo "2575"]
[BlackElo "2535"]
[PlyCount "93"]
[EventDate "1993.03.??"]
[EventType "tourn"]
[EventRounds "13"]
[EventCountry "CRO"]
[EventCategory "11"]
[SourceTitle "CBM 035"]
[Source "ChessBase"]
[SourceDate "1993.08.01"]
[SourceVersion "1"]
[SourceVersionDate "1993.08.01"]
[SourceQuality "1"]

1. Nf3 d5 2. c4 d4 3. g3 g6 4. d3 Bg7 5. Bg2 e5 6. O-O Ne7 7. b4 O-O 8. Nbd2 h6 9. a4 g5 ({RR} 9... a5 10. b5 c5 11. bxc6 Nexc6 12. Ba3 Nb4 13. Ne1 N8a6 14. Nc2 Re8 15. Bxb4 axb4 16. Nb3 Ra7 17. Qd2 Qe7 18. a5 Bf5 19. e3 dxe3 20. Nxe3 Be6 21. Nd5 Qg5 22. Qe3 Qxe3 23. fxe3 e4 24. Rad1 {Kramnik,V (2777)-Andreikin,D (2720) Baku 2015 ½-½ (70)}) 10. Nb3 Ng6 11. b5 Nd7 12. Nfd2 $146 ({RR} 12. a5 a6 13. Ba3 Re8 14. Nfd2 f5 15. Qc2 Kh7 16. Rac1 Nf6 17. Nc5 Bf8 18. Ndb3 axb5 19. cxb5 Nd5 20. Qc4 c6 21. a6 bxa6 22. bxc6 Nge7 23. Nb7 Bxb7 24. cxb7 Rb8 25. Bxe7 Nxe7 26. Nc5 e4 {Miroshnichenko,E (2632)-Gasanov,E (2550) Poltava 2008 1-0 (31)}) 12... f5 13. Ba3 Re8 14. Na5 Rb8 15. c5 Ndf8 16. Rb1 Kh7 17. Qc2 g4 18. Ndc4 Ne6 19. b6 axb6 20. cxb6 c5 21. Rb5 Bf8 22. Nb3 Bd7 23. Ra5 Qc8 24. f3 gxf3 25. exf3 Ra8 26. Rxa8 Qxa8 27. a5 Ba4 28. Qa2 Bc6 29. f4 Bxg2 30. Qxg2 exf4 31. Qd5 fxg3 32. Qxf5 gxh2+ 33. Kh1 Ng7 34. Qh3 Qd8 35. Nbd2 Qd5+ 36. Qf3 Qxf3+ 37. Rxf3 Re2 38. a6 bxa6 39. b7 Re8 40. Ne4 Rb8 41. Nf6+ Kh8 42. Rg3 Nh4 43. Ne5 Rxb7 44. Rg6 Rb1+ 45. Kxh2 Nf3+ 46. Nxf3 Bd6+ 47. Kg2 1-0

[Event "Amber-blindfold 02nd"]
[Site "Monte Carlo"]
[Date "1993.03.29"]
[Round "4"]
[White "Christiansen, Larry Mark"]
[Black "Polgar, Judit"]
[Result "1-0"]
[WhiteElo "2620"]
[BlackElo "2595"]
[PlyCount "51"]
[EventDate "1993.03.26"]
[EventType "tourn (rapid)"]
[EventRounds "11"]
[EventCountry "MNC"]
[EventCategory "15"]
[SourceTitle "CBM 034 Extra"]
[Source "ChessBase"]
[SourceDate "1993.07.01"]
[SourceVersion "1"]
[SourceVersionDate "1993.07.01"]
[SourceQuality "1"]

1. g3 Nf6 2. Bg2 d5 3. Nf3 g6 4. c4 d4 5. b4 Bg7 6. Qa4+ $146 ({RR} 6. Bb2 c5 7. bxc5 Nc6 8. e3 e5 9. O-O O-O 10. d3 dxe3 11. fxe3 Ng4 12. Qd2 e4 13. Bxg7 exf3 14. Bxf8 fxg2 15. Kxg2 Qxf8 16. h3 Nge5 17. Nc3 Qh6 18. h4 Bf5 19. Rxf5 gxf5 20. Nd5 Ng4 {Clemens,C-Pfleger,H Bad Pyrmont 1963 0-1 (72)}) ({RR} 6. d3 O-O 7. O-O a5 8. b5 Nfd7 9. a4 e5 10. Ba3 Re8 11. Nbd2 c5 12. Ne4 Qe7 13. e3 b6 14. exd4 exd4 15. Re1 Qf8 16. Nfg5 Ra7 17. Nxf7 Qxf7 18. Nd6 Rxe1+ 19. Qxe1 Qf8 20. Qe6+ Kh8 {Grischuk,A (2752)-Aronian,L (2784) Chess.com INT 2016 ½-½}) ({RR} 6. Bb2 Nh5 7. O-O O-O 8. d3 a5 9. b5 c5 10. bxc6 bxc6 11. Nbd2 Na6 12. Qa4 Rb8 13. Ba3 Nb4 14. Rab1 c5 15. Nb3 Nxa2 16. Bb2 Nc3 17. Bxc3 dxc3 18. Nxc5 Rb2 19. Rxb2 cxb2 20. Rb1 Qc7 {Fataliyeva,U (2381)-Mammadova,G (2333) Baku AZE 2025 1-0 (37)}) ({RR} 6. Bb2 Nh5 7. d3 O-O 8. O-O a5 9. b5 c5 10. bxc6 Nxc6 11. Nbd2 a4 12. Rb1 Ra5 13. Ba3 Nf6 14. Rb5 Re8 15. Qc2 Ra6 16. Ng5 Qc7 17. Rfb1 h6 18. Nge4 Nd7 19. Nc5 Nxc5 20. Bxc5 f5 {Donchenko,A (2569)-Mihajlov,S (2203) Fagernes 2015 1-0 (47)}) 6... c6 7. O-O d3 8. Bb2 dxe2 9. Re1 O-O 10. Nc3 Be6 11. b5 Nfd7 12. Ng5 Nc5 13. Nxe6 fxe6 14. Qc2 Qd3 15. Be4 Qxc4 16. d3 Qb4 17. Rxe2 cxb5 18. Rb1 Nxe4 19. Nxe4 Bxb2 20. Rxb2 Qd4 21. Ng5 Qd5 22. Nxe6 Nc6 23. Qc3 Rf7 24. Nc7 Qh5 25. Nxa8 Qxe2 26. Rxe2 1-0